000
00282pam a2200133 a 4500
020
_c
041
_h
082
_b
HEL
100
_a
Helath, Library
245
_a
Childerns Health
_h
Textual Documents
260
_a
Spain
_b
Rabo Publishers
_c
2006
300
_a
293
930
_a
11569
999
_c
118391
_d
118391